000 00441nam a22001697a 4500
003 MPLRDC
005 20220104143256.0
008 210129b ||||| |||| 00| 0 eng d
082 _a610.9 GBN v.1
100 _a郭伯南、刘福元著
245 _a新编中国史话. 上
_c
250 _a一版一刷
260 _a
_b上海人民出版社
_c1984
300 _b
650 _a中国通史--通俗史话
942 _cBK
_o610.9 GBN v.1
999 _c38317
_d38307